L' art contemporani des l'ambit local. Eines per al disseny i la gestió de programes d' artes visuals /
Sparad:
| Huvudupphovsman: | |
|---|---|
| Materialtyp: | Okänd |
| Språk: | Spanish |
| Publicerad: |
Barcelona, España :
Pages,
1998.
|
| Ämnen: | |
| Taggar: |
Lägg till en tagg
Inga taggar, Lägg till första taggen!
|
MARC
| LEADER | 000000000a22000000004500 | ||
|---|---|---|---|
| 001 | 010463 | ||
| 020 | |a 8479355506 | ||
| 041 | 0 | |a spa | |
| 082 | 0 | 4 | |a 700.68 |b G977a |
| 100 | 1 | |a Guntín, Florenci | |
| 245 | 1 | 3 | |a L' art contemporani des l'ambit local. Eines per al disseny i la gestió de programes d' artes visuals / |c Florenci Guntín. |
| 260 | 1 | |a Barcelona, España : |b Pages, |c 1998. | |
| 300 | |a 241 páginas : |b ilustraciones | ||
| 650 | 4 | |a ARTES - ADMINISTRACION | |
| 650 | 4 | |a ARTE MUNICIPAL (CATALUÑA, ESPAÑA) | |
| 999 | |c 16062 |d 16062 | ||
| 942 | |c BK |h 700.68 G977a |2 z | ||



